000 01610cam a22003011i 4500
003 SA-RiAUC
005 20250407064857.0
008 250406s2006 su ad f f10010 ara c
020 _a9960959422
040 _aSA-RiKAPL
_bara
_cSA-RiAUC.
_erda
043 _aa-su---
082 0 4 _a305.242
_qSA-RiAUC
090 _a305.242
_bل ق ا
111 2 _aاللقاء الوطني للحوار الفكري
_n(4 :
_d1425 هجري :
_cالظهران، السعودية)
245 1 0 _aقضايا الشباب :
_bالواقع، والتطلعات /
_c[تنظيم] مركز الملك عبد العزيز للحوار الوطني.
264 1 _aالرياض :
_bمركز الملك عبد العزيز للحوار الوطني،
_c2006
300 _a82 صفحة :
_bجداول، رسوم بيانية ؛
_c21 سم.
336 _aنص
_btxt
_2rdacontent
_3كتاب
337 _aبدون وسيط
_bn
_2rdamedia
338 _aمجلد
_bnc
_2rdacarrier
490 1 _aسلسلة الدراسات ؛
_v2
500 _aيشتمل هذا الكتاب على أوراق عمل اللقاء الوطني الرابع للحوار الفكري والذي عقد في الفترة من 24-26 شوال 1425 هـ الموافق 7-9 ديسمبر 2004 م.
650 7 _aالشباب
_zالسعودية
_xأحوال اجتماعية
_vمؤتمرات
_2aucsh
710 2 _aمركز الملك عبد العزيز للحوار الوطني
_eمنظم.
830 0 _aسلسلة الدراسات (مركز الملك عبد العزيز للحوار الوطني)
_v2
942 _2ddc
_cBOOK
_n0
949 _aSA-JeALM
_d250406
_uosman123
_n1
999 _c6716
_d6716